| 000 | 00677nam a2200217 4500 | ||
|---|---|---|---|
| 003 | OSt | ||
| 005 | 20240704054117.0 | ||
| 006 | a | ||
| 008 | 240704b |||||||| |||| 00| 0 eng d | ||
| 020 | _a9780521841122 | ||
| 040 |
_aDWCL-Main lib. _cOC |
||
| 082 | _aCirc. 571.43 Et84i 2007 | ||
| 100 | _aEthier, Ross C. | ||
| 245 | _aIntroductory Biomechanics: from cell to organisms / | ||
| 260 |
_aCambridge: _bCambridge University Press, _cc2007. |
||
| 300 |
_axiii, _b511p.: ill.; _c25cm. |
||
| 504 | _aIncludes bibliographical references and index. | ||
| 650 | _a1. Bimechanics. | ||
| 650 | _a2. Biomechanics-Problems, exercises, etc. | ||
| 942 |
_2ddc _n0 _cBK-CIRC _kCirc. |
||
| 999 |
_c1941 _d1941 |
||